000 00324nam a22001457a 4500
008 210310b ||||| |||| 00| 0 eng d
020 _a4000395572379
041 _aeng
080 _28th
_a541
082 _a541
100 _a12
101 _aKIM
245 _aOrganic Chemistry a Short Course
_cHart, H
942 _2udc
_cBK
999 _c56279
_d56279